Стандартные потенциалы систем, содержащих моно- и полиселенид-ионы; Известия Томского политехнического университета [Известия ТПУ]; Т. 316, № 3: Химия

Podrobná bibliografie
Parent link:Известия Томского политехнического университета [Известия ТПУ]/ Томский политехнический университет (ТПУ).— , 2000-
Т. 316, № 3: Химия.— 2010.— [С. 34-36]
Hlavní autor: Ковалева С. В.
Další autoři: Аксиненко О. С.
Shrnutí:Заглавие с титульного листа
Электронная версия печатной публикации
Обобщены литературные данные по стандартным потенциалам генерации моно- и полиселенид-ионов. Предложены уравнения, выражающие зависимость стандартных потенциалов систем Se/Sen 2- от числа атомов селена в цепочке аниона. Рассчитаны стандартные потенциалы систем Sen 2-/Sem 2-.
Jazyk:ruština
Vydáno: 2010
Edice:Химия
Témata:
On-line přístup:http://www.lib.tpu.ru/fulltext/v/Bulletin_TPU/2010/v316/i3/06.pdf
Médium: MixedMaterials Elektronický zdroj Kapitola
KOHA link:https://koha.lib.tpu.ru/cgi-bin/koha/opac-detail.pl?biblionumber=182878

MARC

LEADER 00000nla2a2200000 4500
001 182878
005 20231031171421.0
035 |a (RuTPU)RU\TPU\book\198247 
035 |a RU\TPU\book\198233 
090 |a 182878 
100 |a 20100628d2010 k y0rusy50 ca 
101 0 |a rus 
102 |a RU 
135 |a drnn ---uucaa 
181 0 |a i  
182 0 |a b 
200 1 |a Стандартные потенциалы систем, содержащих моно- и полиселенид-ионы  |b Электронный ресурс  |f С. В. Ковалева, О. С. Аксиненко 
203 |a Текст  |c электронный 
215 |a 1 файл (70 Кб) 
225 1 |a Химия 
230 |a Электронные текстовые данные (1 файл : 70 Кб) 
300 |a Заглавие с титульного листа 
300 |a Электронная версия печатной публикации 
320 |a [Библиогр.: с. 36 (12 назв.)] 
330 |a Обобщены литературные данные по стандартным потенциалам генерации моно- и полиселенид-ионов. Предложены уравнения, выражающие зависимость стандартных потенциалов систем Se/Sen 2- от числа атомов селена в цепочке аниона. Рассчитаны стандартные потенциалы систем Sen 2-/Sem 2-. 
337 |a Adobe Reader 
461 1 |0 (RuTPU)RU\TPU\book\176237  |t Известия Томского политехнического университета [Известия ТПУ]  |f Томский политехнический университет (ТПУ)  |d 2000- 
463 1 |0 (RuTPU)RU\TPU\book\198166  |x 1684-8519  |t Т. 316, № 3: Химия  |v [С. 34-36]  |d 2010  |p 118 с. 
610 1 |a полиарилаты 
610 1 |a моноселенид-ионы 
610 1 |a полиселенид-ионы 
610 1 |a стандартные потенциалы 
610 1 |a электронный ресурс 
700 1 |a Ковалева  |b С. В. 
701 1 |a Аксиненко  |b О. С. 
801 1 |a RU  |b 63413507  |c 20090623  |g PSBO 
801 2 |a RU  |b 63413507  |c 20211222  |g PSBO 
856 4 |u http://www.lib.tpu.ru/fulltext/v/Bulletin_TPU/2010/v316/i3/06.pdf 
942 |c CF